[Event "Korcsoportos bajnokság, 16 évesek"]
[Site "Budapest"]
[Date "2020.10.28"]
[Round "7.3"]
[White "Juhasz, Agoston"]
[Black "Baski, Barnabas"]
[Result "1/2-1/2"]
[WhiteElo "2369"]
[BlackElo "2166"]
[PlyCount "137"]
[EventDate "2020.10.24"]
[EventType "tourn"]
[EventRounds "9"]
[EventCountry "HUN"]

1. e4 e5 2. Nf3 Nc6 3. Bc4 Bc5 4. c3 Nf6 5. d3 a6 6. Bg5 h6 7. Bh4 d6 8. Bb3
Ba7 9. Nbd2 g5 10. Bg3 Nh7 11. h4 g4 12. Nh2 h5 13. Nhf1 Qe7 14. Ne3 Bxe3 15.
fxe3 Be6 16. d4 Bxb3 17. axb3 Nf8 18. b4 Ng6 19. b5 Nb8 20. b4 O-O 21. O-O Nd7
22. Rf5 axb5 23. Rxa8 Rxa8 24. Rxh5 Nf6 25. Rg5 Ra2 26. dxe5 dxe5 27. h5 Qd7
28. hxg6 Qxd2 29. Qxd2 Rxd2 30. Bxe5 Nxe4 31. Rxg4 Rd1+ 32. Kh2 Rh1+ 33. Kxh1
Nf2+ 34. Kg1 Nxg4 35. gxf7+ Kxf7 36. Bd4 Ke6 37. g3 Kd5 38. Kg2 Ke4 39. Kh3
Nf2+ 40. Kg2 Ng4 41. Bc5 Nh6 42. Kf2 Ng4+ 43. Ke2 Nh6 44. Ba7 Ng4 45. Bd4 Nh6
46. Bc5 Ng4 47. Ba7 Nh6 48. Bc5 Ng4 49. Bd4 Nh6 50. Kf2 Ng4+ 51. Kg2 Nh6 52.
Kf2 Ng4+ 53. Kg2 Nh6 54. Bf6 Ng4 55. Bg5 c6 56. Bf4 Nf6 57. Kh3 Kf3 58. Kh4 b6
59. Kg5 Ne4+ 60. Kf5 Nf2 61. Ke5 c5 62. Kd5 cxb4 63. cxb4 Nd3 64. Bd6 Kxe3 65.
Kc6 Nxb4+ 66. Bxb4 Kf3 67. Be1 b4 68. Bxb4 Kxg3 69. Kxb6 1/2-1/2

[Event "Korcsoportos bajnokság, 16 évesek"]
[Site "Budapest"]
[Date "2020.10.28"]
[Round "7.4"]
[White "Borhy, Marcell"]
[Black "Virag, Balint"]
[Result "1/2-1/2"]
[WhiteElo "2371"]
[BlackElo "2117"]
[PlyCount "149"]
[EventDate "2020.10.24"]
[EventType "tourn"]
[EventRounds "9"]
[EventCountry "HUN"]

1. Nc3 Nf6 2. e3 g6 3. g4 d6 4. h3 c5 5. Bg2 Bg7 6. Nge2 Nc6 7. b3 O-O 8. Ng3
Bd7 9. Bb2 Rb8 10. Qe2 Nb4 11. d3 Bc6 12. e4 e5 13. O-O b5 14. a3 Na6 15. f4
Nd7 16. f5 Nc7 17. Bc1 g5 18. Be3 a5 19. Nh5 f6 20. Qd2 b4 21. Nd1 Nb5 22. a4
Nd4 23. Rb1 h6 24. h4 Kf7 25. Nf2 Bh8 26. Rb2 Rg8 27. Kh2 Ba8 28. Rfb1 Ke7 29.
Kh3 Rb6 30. Nd1 Qb8 31. Qf2 Bc6 32. Bd2 Qa7 33. Ne3 Rb7 34. Bf3 Rgb8 35. Bd1
Qa6 36. Qf1 Nb6 37. Ng3 Bg7 38. c3 bxc3 39. Bxc3 Bf8 40. Nc4 Nxc4 41. dxc4 Ra7
42. Qe1 Kf7 43. Qd2 Be7 44. Qd3 Qb7 45. Bc2 Rg8 46. Re1 Raa8 47. Bd1 Bd8 48.
Nf1 Rb8 49. Nd2 Bc7 50. Nb1 Ra8 51. Na3 Rab8 52. Nb5 Ra8 53. Ra2 Rg7 54. h5
Rgg8 55. Bc2 Rge8 56. Ra3 Red8 57. Bb1 Re8 58. Re3 Red8 59. Qd2 Re8 60. Qe1
Red8 61. Qd1 Re8 62. Be1 Re7 63. Nc3 Rb8 64. Bc2 Ree8 65. Qd3 Ra8 66. Bd1 Rab8
67. Nd5 Ra8 68. Bc3 Rab8 69. Qd2 Ra8 70. Re1 Kg7 71. Qc1 Kf7 72. Bd2 Rg8 73.
Bc3 Rge8 74. Qd2 Kg7 75. Qd3 1/2-1/2

[Event "Korcsoportos bajnokság, 16 évesek"]
[Site "Budapest"]
[Date "2020.10.28"]
[Round "7.5"]
[White "Persanyi, Barnabas"]
[Black "Lakatos, Tamas"]
[Result "1/2-1/2"]
[WhiteElo "2368"]
[BlackElo "2099"]
[PlyCount "111"]
[EventDate "2020.10.24"]
[EventType "tourn"]
[EventRounds "9"]
[EventCountry "HUN"]

1. Nf3 Nf6 2. c4 c6 3. g3 g6 4. b4 d5 5. cxd5 cxd5 6. Bb2 Bg7 7. Bg2 Qb6 8. Qb3
Nc6 9. b5 Na5 10. Qb4 Nc6 11. Qa4 O-O 12. O-O Na5 13. Bd4 Qd8 14. Ne5 a6 15. b6
Nc4 16. Nxc4 dxc4 17. Qxc4 Be6 18. Qc3 Ne4 19. Bxg7 Nxc3 20. Bxc3 Qxb6 21. Na3
Qd6 22. Nc2 Bd5 23. e4 Bc4 24. Rfe1 Qd7 25. Ne3 Rac8 26. h4 b5 27. a3 Be6 28.
Kh2 f5 29. exf5 gxf5 30. Nc2 f4 31. Nd4 fxg3+ 32. fxg3 Bc4 33. Re5 Rf2 34. Rg5+
Kf8 35. Kg1 Rxd2 36. Bh3 e6 37. Bxe6 Bxe6 38. Nxe6+ Qxe6 39. Rf1+ Ke8 40. Bxd2
Qb6+ 41. Rf2 Rc6 42. Kg2 Rf6 43. Re5+ Kf7 44. Bf4 Qc6+ 45. Kh2 Re6 46. Rc5 Qe4
47. Rc7+ Kg6 48. Rc5 h6 49. h5+ Kh7 50. Rd2 Re7 51. Rcd5 Qf3 52. Rd6 Re2+ 53.
Rxe2 Qxe2+ 54. Kg1 Qxh5 55. Rxh6+ Qxh6 56. Bxh6 1/2-1/2

[Event "Korcsoportos bajnokság, 16 évesek"]
[Site "Budapest"]
[Date "2020.10.29"]
[Round "8.1"]
[White "Koszta, Benedek"]
[Black "Lakatos, Tamas"]
[Result "1/2-1/2"]
[WhiteElo "2137"]
[BlackElo "2099"]
[PlyCount "51"]
[EventDate "2020.10.24"]
[EventType "tourn"]
[EventRounds "9"]
[EventCountry "HUN"]

1. e4 c6 2. d4 d5 3. Nc3 dxe4 4. Nxe4 Bf5 5. Ng3 Bg6 6. N1e2 Nf6 7. Nf4 e5 8.
Nxg6 hxg6 9. dxe5 Qa5+ 10. c3 Qxe5+ 11. Qe2 Nbd7 12. Bf4 Qxe2+ 13. Bxe2 Bc5 14.
O-O O-O-O 15. Rad1 Nd5 16. Bd2 f5 17. Rfe1 Ne5 18. a3 Nf6 19. h3 Nd3 20. Bxd3
Rxd3 21. Bf4 Rhd8 22. Rxd3 Rxd3 23. Kf1 Nd5 24. Be5 Rd2 25. Re2 Rd1+ 26. Re1
1/2-1/2

[Event "Korcsoportos bajnokság, 16 évesek"]
[Site "Budapest"]
[Date "2020.10.29"]
[Round "8.2"]
[White "Virag, Balint"]
[Black "Persanyi, Barnabas"]
[Result "0-1"]
[WhiteElo "2117"]
[BlackElo "2368"]
[PlyCount "48"]
[EventDate "2020.10.24"]
[EventType "tourn"]
[EventRounds "9"]
[EventCountry "HUN"]

1. e4 c5 2. Nf3 e6 3. d3 Nc6 4. g3 d5 5. Nbd2 Bd6 6. Bg2 Nge7 7. O-O O-O 8. Re1
f6 9. Nf1 d4 10. N3d2 e5 11. Nc4 Be6 12. Nxd6 Qxd6 13. f4 c4 14. f5 Bf7 15. Nd2
cxd3 16. cxd3 Nb4 17. Nb3 Rfc8 18. Rf1 Qb6 19. Bd2 Nxd3 20. Ba5 Qb5 21. Qe2 Bc4
22. Nd2 Nf4 23. Qd1 Nxg2 24. Nxc4 Rxc4 0-1

[Event "Korcsoportos bajnokság, 16 évesek"]
[Site "Budapest"]
[Date "2020.10.29"]
[Round "8.3"]
[White "Baski, Barnabas"]
[Black "Borhy, Marcell"]
[Result "0-1"]
[WhiteElo "2166"]
[BlackElo "2371"]
[PlyCount "80"]
[EventDate "2020.10.24"]
[EventType "tourn"]
[EventRounds "9"]
[EventCountry "HUN"]

1. Nf3 d5 2. g3 Nd7 3. d4 Nb6 4. Bg2 Bf5 5. b3 e6 6. c4 c6 7. Nbd2 Bb4 8. Bb2
dxc4 9. Rc1 c3 10. Bxc3 Ba3 11. e4 Bxc1 12. Qxc1 Bg6 13. O-O Nf6 14. Ne5 O-O
15. f4 Nfd7 16. f5 Bh5 17. Nxd7 Nxd7 18. h3 exf5 19. exf5 f6 20. Bb4 Re8 21.
Ne4 Nb6 22. Nd6 Re7 23. Bc5 Bf7 24. Re1 Bd5 25. Bxd5+ Nxd5 26. Re6 Qc7 27. Qe1
b6 28. Nb5 Rxe6 29. Qxe6+ Qf7 30. Qxc6 Rb8 31. Nd6 Ne7 32. Qc7 Qf8 33. Ba3 h6
34. Nb5 Qe8 35. Bxe7 Rc8 36. Qb7 Rc1+ 37. Kh2 Rc2+ 38. Kg1 Qxb5 39. Qe4 Re2 40.
Qa8+ Kh7 0-1

[Event "Korcsoportos bajnokság, 16 évesek"]
[Site "Budapest"]
[Date "2020.10.29"]
[Round "8.4"]
[White "Gaal, Zsoka"]
[Black "Juhasz, Agoston"]
[Result "1/2-1/2"]
[WhiteElo "2200"]
[BlackElo "2369"]
[PlyCount "133"]
[EventDate "2020.10.24"]
[EventType "tourn"]
[EventRounds "9"]
[EventCountry "HUN"]

1. Nf3 f5 2. g3 Nf6 3. Bg2 g6 4. O-O Bg7 5. d4 O-O 6. Nbd2 d6 7. Re1 Nc6 8. e4
e5 9. dxe5 dxe5 10. c3 Kh8 11. b4 fxe4 12. Ng5 e3 13. fxe3 Bh6 14. Nge4 Bg4 15.
Qb3 Nd5 16. Nf1 Nb6 17. a4 Nd7 18. c4 Qe8 19. b5 Nd8 20. Ba3 Rf7 21. c5 Rb8 22.
Qc3 Qe6 23. Rac1 Nf6 24. Nxf6 Rxf6 25. Nd2 Rf7 26. Ne4 Bf3 27. Bb2 Bxg2 28.
Qxe5+ Bg7 29. Qxe6 Nxe6 30. Bxg7+ Nxg7 31. Kxg2 Re8 32. Nc3 Ne6 33. Nd5 Rd8 34.
Nf4 Rd2+ 35. Kg1 Ng5 36. Re2 Rfd7 37. Rc2 Nf3+ 38. Kf2 Rxe2+ 39. Kxe2 Nxh2 40.
c6 bxc6 41. Rxc6 Ng4 42. Ne6 Re7 43. Nxc7 Rxe3+ 44. Kd2 Rxg3 45. Ne6 h5 46.
Rc8+ Kh7 47. Rc7+ Kh6 48. Rxa7 h4 49. b6 Rb3 50. b7 h3 51. Ra8 Rb2+ 52. Kc3
Rxb7 53. Rh8+ Rh7 54. Rxh7+ Kxh7 55. Ng5+ Kg7 56. Nxh3 Ne5 57. a5 Nc6 58. a6
Kf6 59. Kc4 Ke7 60. Kc5 Kd7 61. Kb6 Ne7 62. Kb7 Nc8 63. Nf4 Nd6+ 64. Kb8 Nb5
65. Nxg6 Kc6 66. a7 Nxa7 67. Kxa7 1/2-1/2

[Event "Korcsoportos bajnokság, 16 évesek"]
[Site "Budapest"]
[Date "2020.10.29"]
[Round "8.5"]
[White "Karacsonyi, Gellert"]
[Black "Bako, Martin"]
[Result "1-0"]
[WhiteElo "2299"]
[BlackElo "2038"]
[PlyCount "37"]
[EventDate "2020.10.24"]
[EventType "tourn"]
[EventRounds "9"]
[EventCountry "HUN"]

1. e4 d5 2. exd5 Qxd5 3. Nc3 Qa5 4. d4 c6 5. Bc4 Nf6 6. Bd2 Bf5 7. Nd5 Qd8 8.
Nxf6+ gxf6 9. Qf3 Bg6 10. Ne2 e6 11. O-O-O Nd7 12. h4 h6 13. Nf4 e5 14. Nxg6
fxg6 15. Qg4 Qe7 16. Qxg6+ Kd8 17. dxe5 fxe5 18. Ba5+ b6 19. Be6 1-0

[Event "Korcsoportos bajnokság, 16 évesek"]
[Site "Budapest"]
[Date "2020.10.30"]
[Round "9.1"]
[White "Bako, Martin"]
[Black "Koszta, Benedek"]
[Result "0-1"]
[WhiteElo "2038"]
[BlackElo "2137"]
[PlyCount "106"]
[EventDate "2020.10.24"]
[EventType "tourn"]
[EventRounds "9"]
[EventCountry "HUN"]

1. d4 Nf6 2. c4 g6 3. Nc3 Bg7 4. Nf3 O-O 5. Bf4 d6 6. e3 Nbd7 7. Be2 Re8 8. O-O
Nh5 9. Bg5 h6 10. Bh4 g5 11. Bg3 Nxg3 12. hxg3 e5 13. d5 f5 14. e4 f4 15. g4
Nf6 16. Nd2 Bf8 17. f3 Re7 18. Kf2 Rh7 19. Rh1 c6 20. Na4 Bd7 21. Qb3 cxd5 22.
cxd5 Qa5 23. Nc3 Qc5+ 24. Ke1 Rb8 25. Qc4 Qa5 26. Nb3 Qd8 27. Kd2 b5 28. Qb4
Qb6 29. Nd1 Be7 30. Qa5 Qb7 31. Rc1 Bd8 32. Qc3 Qb6 33. Qd3 a5 34. Ke1 h5 35.
gxh5 Rxh5 36. Rxh5 Nxh5 37. Nf2 Ng3 38. Nd2 a4 39. Nf1 Qa5+ 40. Qd2 Qa7 41. b4
axb3 42. axb3 Bb6 43. Nd1 Nxe2 44. Kxe2 b4 45. Nb2 Bd4 46. Nc4 Bc3 47. Qd3 Qg1
48. Nxd6 Qxg2+ 49. Kd1 Ra8 50. Nc4 Ra2 51. Ncd2 Bb5 52. Nc4 Qf2 53. Nfd2 Bxc4
0-1

[Event "Korcsoportos bajnokság, 16 évesek"]
[Site "Budapest"]
[Date "2020.10.30"]
[Round "9.2"]
[White "Juhasz, Agoston"]
[Black "Karacsonyi, Gellert"]
[Result "0-1"]
[WhiteElo "2369"]
[BlackElo "2299"]
[PlyCount "58"]
[EventDate "2020.10.24"]
[EventType "tourn"]
[EventRounds "9"]
[EventCountry "HUN"]

1. e4 e6 2. d4 d5 3. exd5 exd5 4. Nf3 Bd6 5. c4 Nf6 6. c5 Be7 7. Bd3 O-O 8. O-O
b6 9. Be3 Bg4 10. Qc2 bxc5 11. dxc5 Bxf3 12. gxf3 Nc6 13. Bb5 Ne5 14. Qf5 Ng6
15. Bd4 Nh4 16. Qh3 Nh5 17. Nc3 Nf4 18. Qg4 Bg5 19. Kh1 h5 20. Qd7 Nxf3 21. Be3
Qf6 22. Nxd5 Nxd5 23. Qxd5 Rad8 24. Bxg5 Nxg5 25. Qb3 Rb8 26. f4 Ne6 27. Qc4 a6
28. Bxa6 Rxb2 29. c6 Qh4 0-1

[Event "Korcsoportos bajnokság, 16 évesek"]
[Site "Budapest"]
[Date "2020.10.30"]
[Round "9.3"]
[White "Borhy, Marcell"]
[Black "Gaal, Zsoka"]
[Result "1-0"]
[WhiteElo "2371"]
[BlackElo "2200"]
[PlyCount "125"]
[EventDate "2020.10.24"]
[EventType "tourn"]
[EventRounds "9"]
[EventCountry "HUN"]

1. d4 Nf6 2. c4 e6 3. Nf3 Bb4+ 4. Bd2 a5 5. g3 b6 6. Bg2 Bb7 7. O-O O-O 8. Bf4
Be7 9. Nc3 Ne4 10. Qd3 Nxc3 11. Qxc3 f5 12. d5 Bf6 13. Qd2 Na6 14. d6 c5 15.
Be5 Bxe5 16. Nxe5 Bxg2 17. Kxg2 Qc8 18. f4 Nb4 19. e3 a4 20. a3 Nc6 21. Kg1 Rb8
22. Qg2 Nxe5 23. fxe5 Qa6 24. Rfc1 b5 25. Qc2 Rfc8 26. e4 fxe4 27. Qxe4 bxc4
28. Rc2 Rf8 29. Qxc4 Qxc4 30. Rxc4 Rxb2 31. Rxc5 Rff2 32. Rc8+ Kf7 33. Rf1
Rxf1+ 34. Kxf1 Rb5 35. Rd8 Rxe5 36. Rxd7+ Kf6 37. Ra7 Rd5 38. d7 Ke7 39. d8=N+
Kxd8 40. Rxg7 Rd3 41. Rxh7 Rxa3 42. Ra7 Ra1+ 43. Kg2 Ra2+ 44. Kh3 Ke8 45. g4 a3
46. Kg3 Kf8 47. h4 e5 48. h5 Ra1 49. Kg2 a2 50. h6 Kg8 51. g5 Rb1 52. Rxa2 Rb6
53. Ra8+ Kh7 54. Ra7+ Kh8 55. Kf3 e4+ 56. Kg4 e3 57. Ra8+ Kh7 58. Ra7+ Kh8 59.
Kh5 Rb5 60. Ra8+ Kh7 61. Ra7+ Kg8 62. h7+ Kh8 63. Kh6 1-0

[Event "Korcsoportos bajnokság, 16 évesek"]
[Site "Budapest"]
[Date "2020.10.30"]
[Round "9.5"]
[White "Lakatos, Tamas"]
[Black "Virag, Balint"]
[Result "1-0"]
[WhiteElo "2099"]
[BlackElo "2117"]
[PlyCount "143"]
[EventDate "2020.10.24"]
[EventType "tourn"]
[EventRounds "9"]
[EventCountry "HUN"]

1. d4 e6 2. c4 d5 3. Nc3 a6 4. cxd5 exd5 5. Bf4 Nf6 6. e3 Bf5 7. a3 Nc6 8. Be2
Bd6 9. Bg5 Be7 10. Bxf6 Bxf6 11. Qb3 Ne7 12. Qxb7 Bc2 13. Rc1 Rb8 14. Qxa6 Rb6
15. Qa5 Bb3 16. Na4 Bxa4 17. Qxa4+ Qd7 18. Qxd7+ Kxd7 19. b4 Ra8 20. Rc3 Rb7
21. Nf3 Rba7 22. a4 c6 23. O-O Rxa4 24. b5 Ra2 25. bxc6+ Kd6 26. Bd3 R2a3 27.
Rxa3 Rxa3 28. Bb1 Nxc6 29. h3 h6 30. Rd1 Nb4 31. e4 dxe4 32. Bxe4 Nc6 33. d5
Ne7 34. Nd2 Ra4 35. Bc2 Ra2 36. Bb3 Ra8 37. Ne4+ Kd7 38. d6 Nc8 39. Nc5+ Kd8
40. Nb7+ Kd7 41. Ba4+ Rxa4 42. Nc5+ Kc6 43. Nxa4 Nxd6 44. Rc1+ Kd7 45. Nb6+ Kd8
46. Rd1 Be7 47. Nc4 Kc7 48. Nxd6 Bxd6 49. f3 Kd7 50. Kf2 Ke6 51. Rb1 h5 52. Ke3
g6 53. Rb5 Bc7 54. Ke4 Kd6 55. Rd5+ Ke6 56. Rc5 Kd6 57. Rxc7 Kxc7 58. Ke5 Kd7
59. Kf6 Ke8 60. h4 Kf8 61. f4 Kg8 62. f5 gxf5 63. Kxf5 Kh7 64. Kf6 Kg8 65. Kg5
Kg7 66. Kxh5 Kf6 67. Kg4 Kg6 68. Kf4 Kh5 69. g3 Kg6 70. g4 Kh6 71. Kf5 Kg7 72.
g5 1-0

[Event "Korcsoportos bajnokság, 14 évesek"]
[Site "Budapest"]
[Date "2020.10.24"]
[Round "1.1"]
[White "Bilku, Andras"]
[Black "Tancsa, Tamas"]
[Result "0-1"]
[WhiteElo "1910"]
[BlackElo "2092"]
[PlyCount "106"]
[EventDate "2020.10.24"]
[EventType "tourn"]
[EventRounds "9"]
[EventCountry "HUN"]

1. Nf3 Nf6 2. g3 g6 3. Bg2 Bg7 4. O-O O-O 5. d4 d6 6. b3 e5 7. dxe5 Nfd7 8. Bb2
Nc6 9. Nbd2 Re8 10. Nc4 dxe5 11. e4 b5 12. Qd5 bxc4 13. Qxc6 Nb6 14. Qc5 Qd6
15. Ba3 Bb7 16. Rfe1 Rad8 17. Qxd6 cxd6 18. Rad1 Bf8 19. Nd2 cxb3 20. cxb3 f5
21. exf5 Bxg2 22. Kxg2 gxf5 23. Nf3 Kf7 24. Ng5+ Kg6 25. h4 h6 26. Nf3 Kf6 27.
Kf1 Be7 28. Rc1 Rc8 29. Rxc8 Rxc8 30. Rc1 Ke6 31. Rxc8 Nxc8 32. Nd2 d5 33. Bxe7
Nxe7 34. f3 h5 35. Ke2 d4 36. a3 Kd5 37. Nc4 e4 38. f4 Nc6 39. Kd2 Kc5 40. Kc2
Ne7 41. Ne5 d3+ 42. Kd2 a5 43. Nxd3+ exd3 44. Kxd3 Nd5 45. b4+ axb4 46. axb4+
Nxb4+ 47. Kc3 Nd5+ 48. Kd3 Nf6 49. Ke3 Kc4 50. Kf3 Kd3 51. Kg2 Ke2 52. Kh3 Kf3
53. Kh2 Ne4 0-1

[Event "Korcsoportos bajnokság, 14 évesek"]
[Site "Budapest"]
[Date "2020.10.24"]
[Round "1.2"]
[White "Bacsi, Kristof"]
[Black "Konyves, Almos"]
[Result "1/2-1/2"]
[WhiteElo "1949"]
[BlackElo "2048"]
[PlyCount "74"]
[EventDate "2020.10.24"]
[EventType "tourn"]
[EventRounds "9"]
[EventCountry "HUN"]

1. d4 Nf6 2. Nf3 e6 3. c4 Bb4+ 4. Bd2 Qe7 5. Qc2 Bxd2+ 6. Nbxd2 d6 7. e4 e5 8.
d5 a5 9. Be2 O-O 10. O-O Nh5 11. Rfc1 Nf4 12. Bf1 b6 13. Ne1 f5 14. g3 Nh5 15.
exf5 Bxf5 16. Bd3 g6 17. Ne4 Nd7 18. Ng2 Nc5 19. Nxc5 bxc5 20. Bxf5 gxf5 21.
Qd2 Qf6 22. Rc3 Kh8 23. Rb3 e4 24. Rc1 a4 25. Rb5 Rfb8 26. Qe2 Ng7 27. Rxb8+
Rxb8 28. Rc3 Kg8 29. Nf4 Kf7 30. Qc2 Ke7 31. Qxa4 Rxb2 32. Rb3 Qd4 33. Rxb2
Qxb2 34. Qc6 Qb6 35. Qa8 Qb1+ 36. Kg2 Qd1 37. Qg8 Qf3+ 1/2-1/2

[Event "Korcsoportos bajnokság, 14 évesek"]
[Site "Budapest"]
[Date "2020.10.24"]
[Round "1.3"]
[White "Pasztor, Balazs"]
[Black "Palczert, Matyas"]
[Result "1/2-1/2"]
[WhiteElo "2201"]
[BlackElo "2132"]
[PlyCount "58"]
[EventDate "2020.10.24"]
[EventType "tourn"]
[EventRounds "9"]
[EventCountry "HUN"]

1. e4 c5 2. Nf3 e6 3. d4 cxd4 4. Nxd4 Nc6 5. Nc3 Qc7 6. Qd3 Nxd4 7. Qxd4 a6 8.
Be3 b5 9. Be2 Bb7 10. O-O Rc8 11. Rfd1 Nf6 12. e5 Nd5 13. Nxd5 Bxd5 14. a4 Qb8
15. axb5 axb5 16. Ra5 Bc5 17. Qxc5 Rxc5 18. Bxc5 Qxe5 19. Bxb5 f6 20. Ra7 Kf7
21. Rxd7+ Kg6 22. Bd4 Qf5 23. Bc3 Qg4 24. R1xd5 exd5 25. Rxd5 Ra8 26. b3 Rb8
27. Bd3+ Kf7 28. h3 Qf4 29. Bd2 Qc7 1/2-1/2

[Event "Korcsoportos bajnokság, 14 évesek"]
[Site "Budapest"]
[Date "2020.10.24"]
[Round "1.4"]
[White "Tran, David"]
[Black "Farkas, Otto Jr"]
[Result "1/2-1/2"]
[WhiteElo "2130"]
[BlackElo "2079"]
[PlyCount "113"]
[EventDate "2020.10.24"]
[EventType "tourn"]
[EventRounds "9"]
[EventCountry "HUN"]

1. e4 c5 2. Nc3 e6 3. g3 Nc6 4. Bg2 Nf6 5. Nf3 d5 6. exd5 exd5 7. d4 Bg4 8.
dxc5 d4 9. Qe2+ Be7 10. Ne4 O-O 11. O-O Ne5 12. h3 Nxf3+ 13. Bxf3 Bxh3 14. Re1
Bf5 15. Nxf6+ Bxf6 16. Bxb7 Rb8 17. c6 Bc8 18. Bxc8 Qxc8 19. c7 Rb6 20. Bf4 g5
21. Be5 Re8 22. f4 Bxe5 23. fxe5 Qxc7 24. b3 Rbe6 25. Qc4 Qb6 26. Qd3 Rxe5 27.
Rxe5 Rxe5 28. Rd1 Qd6 29. c3 Ra5 30. a4 Ra6 31. cxd4 Rb6 32. Re1 Rb4 33. d5
Qc5+ 34. Kg2 Rd4 35. Qf5 Qxd5+ 36. Qxd5 Rxd5 37. Re7 a5 38. Rb7 Kg7 39. Rb5 Rd3
40. Rxg5+ Kf6 41. Rxa5 Rxb3 42. Ra7 Ra3 43. a5 Kg6 44. a6 Kf6 45. Ra8 Kg7 46.
Kh3 Ra4 47. Kg2 Ra3 48. Kf2 Kf6 49. a7 Ke7 50. Ke2 Kf6 51. Kd2 Kg7 52. Kc2 Kf6
53. Kb2 Ra4 54. Kb3 Ra1 55. Kc4 Kg7 56. Kd5 Rd1+ 57. Ke5 1/2-1/2

[Event "Korcsoportos bajnokság, 14 évesek"]
[Site "Budapest"]
[Date "2020.10.24"]
[Round "1.5"]
[White "Onodi, Tamas"]
[Black "Szalay-Ocsak, Bank"]
[Result "0-1"]
[WhiteElo "1918"]
[BlackElo "2091"]
[PlyCount "64"]
[EventDate "2020.10.24"]
[EventType "tourn"]
[EventRounds "9"]
[EventCountry "HUN"]

1. d4 Nf6 2. Nf3 d5 3. Bf4 c5 4. e3 Nc6 5. c3 Qb6 6. Qc2 Nh5 7. Bg5 h6 8. Bh4
Bg4 9. Nbd2 cxd4 10. exd4 e6 11. Bg3 Nxg3 12. hxg3 Rc8 13. Bd3 Bxf3 14. Nxf3
Bd6 15. O-O O-O 16. Rfe1 Na5 17. Re2 Nc4 18. g4 Qd8 19. g3 Qf6 20. Kg2 g5 21.
Rh1 Kg7 22. Rh5 Rh8 23. Re1 b5 24. Bxc4 bxc4 25. Qa4 Rb8 26. Re2 Rb7 27. b4
cxb3 28. Rb2 Rc8 29. Rxb3 Rbc7 30. Qa6 Rxc3 31. Nd2 Rxb3 32. Nxb3 Rc2 0-1

[Event "Korcsoportos bajnokság, 14 évesek"]
[Site "Budapest"]
[Date "2020.10.25"]
[Round "2.1"]
[White "Tancsa, Tamas"]
[Black "Szalay-Ocsak, Bank"]
[Result "1/2-1/2"]
[WhiteElo "2092"]
[BlackElo "2091"]
[PlyCount "60"]
[EventDate "2020.10.24"]
[EventType "tourn"]
[EventRounds "9"]
[EventCountry "HUN"]

1. d4 Nf6 2. Nf3 d5 3. e3 e6 4. Bd3 Bd6 5. b3 c6 6. Bb2 b6 7. Qe2 Qe7 8. Nbd2
O-O 9. e4 dxe4 10. Nxe4 Nxe4 11. Qxe4 f5 12. Qe2 Nd7 13. O-O Nf6 14. Ne5 Bb7
15. Rfe1 c5 16. Ba6 Bxa6 17. Qxa6 Ne4 18. f3 Bxe5 19. dxe5 Ng5 20. Rad1 Rad8
21. Qc4 Nf7 22. f4 Rxd1 23. Rxd1 Rd8 24. Rd3 Rxd3 25. cxd3 Qd7 26. Bc3 Nd8 27.
b4 Nb7 28. d4 b5 29. Qd3 c4 30. Qf3 Qd5 1/2-1/2

[Event "Korcsoportos bajnokság, 14 évesek"]
[Site "Budapest"]
[Date "2020.10.25"]
[Round "2.2"]
[White "Farkas, Otto Jr"]
[Black "Onodi, Tamas"]
[Result "1-0"]
[WhiteElo "2079"]
[BlackElo "1918"]
[PlyCount "103"]
[EventDate "2020.10.24"]
[EventType "tourn"]
[EventRounds "9"]
[EventCountry "HUN"]

1. e4 c5 2. Nf3 g6 3. d4 cxd4 4. Nxd4 Nc6 5. c4 Bg7 6. Be3 Nf6 7. Nc3 O-O 8.
Be2 d6 9. O-O Bd7 10. Qd2 Nxd4 11. Bxd4 Bc6 12. f3 Nd7 13. Be3 a5 14. b3 Nc5
15. Rab1 e6 16. Rfd1 Be5 17. Nb5 Qh4 18. g3 Bxg3 19. hxg3 Qxg3+ 20. Kf1 Qh3+
21. Ke1 Qh4+ 22. Bf2 Qh1+ 23. Bf1 Qxf3 24. Nxd6 Nxe4 25. Nxe4 Bxe4 26. Rb2 Qf5
27. Qe3 Rfd8 28. Rbd2 Rxd2 29. Rxd2 Bc6 30. Bh3 Qf6 31. Qd4 Qf3 32. Qg4 Qf6 33.
Qh4 Qa1+ 34. Ke2 e5 35. Qg3 Re8 36. Bg2 Bxg2 37. Qxg2 Qc3 38. Qxb7 Qh3 39. Qc6
Qg4+ 40. Qf3 Qe6 41. Rd5 e4 42. Qg3 a4 43. Bd4 Qa6 44. Qc3 Qe6 45. Qg3 Qa6 46.
Qd6 Qc8 47. Qf6 Qg4+ 48. Kd2 Qg2+ 49. Kc1 Qh1+ 50. Kb2 a3+ 51. Kxa3 Ra8+ 52.
Kb4 1-0

[Event "Korcsoportos bajnokság, 14 évesek"]
[Site "Budapest"]
[Date "2020.10.25"]
[Round "2.3"]
[White "Palczert, Matyas"]
[Black "Tran, David"]
[Result "1-0"]
[WhiteElo "2132"]
[BlackElo "2130"]
[PlyCount "57"]
[EventDate "2020.10.24"]
[EventType "tourn"]
[EventRounds "9"]
[EventCountry "HUN"]

1. e4 e5 2. Nf3 Nc6 3. Bc4 Bc5 4. O-O Nf6 5. d3 d6 6. c3 O-O 7. Bb3 a6 8. h3
Ba7 9. Re1 Ne7 10. Nbd2 Ng6 11. Nf1 Nh5 12. d4 Nhf4 13. Ng3 Qf6 14. Nh5 Qe7 15.
Bxf4 Nxf4 16. Nxf4 exf4 17. e5 dxe5 18. Nxe5 Be6 19. Bxe6 Qxe6 20. Qf3 g5 21.
Qxb7 Rfb8 22. Qf3 Re8 23. Kh2 Qd6 24. Qh5 Qf6 25. h4 h6 26. Ng4 Qg6 27. Qxg6+
fxg6 28. Rxe8+ Rxe8 29. Nf6+ 1-0

[Event "Korcsoportos bajnokság, 14 évesek"]
[Site "Budapest"]
[Date "2020.10.25"]
[Round "2.4"]
[White "Konyves, Almos"]
[Black "Pasztor, Balazs"]
[Result "1-0"]
[WhiteElo "2048"]
[BlackElo "2201"]
[PlyCount "99"]
[EventDate "2020.10.24"]
[EventType "tourn"]
[EventRounds "9"]
[EventCountry "HUN"]

1. e4 e5 2. Nf3 Nc6 3. Bb5 a6 4. Ba4 Nf6 5. O-O Be7 6. Re1 b5 7. Bb3 d6 8. c3
O-O 9. h3 Bb7 10. d4 Re8 11. Nbd2 Bf8 12. d5 Nb8 13. Nf1 Nbd7 14. Bc2 c6 15.
Ne3 h6 16. dxc6 Bxc6 17. Nd5 Qc8 18. Nb4 Bb7 19. Nh2 a5 20. Nd5 Nxd5 21. exd5
g6 22. Ng4 Kh7 23. Nxh6 Bxh6 24. Qh5 Rh8 25. Qxh6+ Kg8 26. Qg5 Kg7 27. Qe7 Nf6
28. Bg5 Ne8 29. Re3 Bxd5 30. Rg3 Qe6 31. Qxe6 Bxe6 32. a3 f6 33. Bd2 f5 34. a4
Rb8 35. axb5 Rxb5 36. b4 Nc7 37. c4 Bxc4 38. Bxf5 Kf6 39. Bd3 Bxd3 40. Rxd3
axb4 41. Rxd6+ Kf5 42. f3 e4 43. fxe4+ Ke5 44. Rxg6 Rd8 45. Rg5+ Kxe4 46. Rg4+
Kd3 47. Bxb4 Nd5 48. Be1 Ne3 49. Rg3 Re8 50. Bf2 1-0

[Event "Korcsoportos bajnokság, 14 évesek"]
[Site "Budapest"]
[Date "2020.10.25"]
[Round "2.5"]
[White "Bilku, Andras"]
[Black "Bacsi, Kristof"]
[Result "0-1"]
[WhiteElo "1910"]
[BlackElo "1949"]
[PlyCount "82"]
[EventDate "2020.10.24"]
[EventType "tourn"]
[EventRounds "9"]
[EventCountry "HUN"]

1. Nf3 d5 2. g3 Nf6 3. Bg2 c5 4. O-O Nc6 5. d4 cxd4 6. Nxd4 e5 7. Nxc6 bxc6 8.
c4 Be6 9. Nc3 Qd7 10. cxd5 cxd5 11. Bg5 e4 12. Qd4 Be7 13. f3 Rc8 14. Kh1 h6
15. Bf4 Bc5 16. Qa4 e3 17. Rfd1 d4 18. Be5 Qxa4 19. Nxa4 Bb4 20. Bxd4 Bd2 21.
b3 h5 22. h3 Nd7 23. f4 Rg8 24. Rf1 Nf6 25. f5 Bd7 26. Bb7 Rc7 27. Ba6 Nd5 28.
Bc4 Nb4 29. Be5 Rxc4 30. bxc4 Bxa4 31. Rf4 Ke7 32. f6+ gxf6 33. Bxf6+ Ke6 34.
Bh4 f5 35. a3 Nc6 36. Rb1 Bc2 37. Rb7 Bd1 38. Rh7 Bxe2 39. Rh6+ Kd7 40. Rh7+
Kc8 41. Rxf5 Bd3 0-1